| 000 | 00623nam a2200133Ia 4500 | ||
|---|---|---|---|
| 008 | 220620s9999||||xx |||||||||||||| ||und|| | ||
| 022 | _a16648714 | ||
| 100 | _aAchille Pasqualotto||Andriy Myachykov||Magda L. Dumitru | ||
| 245 | 0 | _aMultisensory Integration: Brain, Body and the World | |
| 546 | _aEnglish[eng] | ||
| 650 | _aattentional deployment||space and time processing||Numerical cognition||Language||emotional processing||embodied reasoning||multisensory integration||body representation | ||
| 856 | _uhttp://journal.frontiersin.org/researchtopic/3232/multisensory-integration-brain-body-and-the-world | ||
| 942 | _cEB | ||
| 999 |
_c26384 _d26384 |
||